Logo BPK

Biblioteka

Politechniki Koszalińskiej

Terminologia tłumaczenia = (Rekord nr 54509)

Szczegóły MARC
000 -ETYKIETA REKORDU
podpole kontrolne o stałej długości 01403nam a2200337 i 4500
001 - NUMER KONTROLNY REKORDU
pole kontrolne bg
020 ## - MIĘDZYNARODOWY ZNORMALIZOWANY NUMER KSIĄŻKI - ISBN
ISBN 8323213364
040 ## - ŹRÓDŁO KATALOGOWANIA
Instytucja, która utworzyła rekord BPK
041 1# - KOD JĘZYKA
Kod języka tekstu pol
-- eng
-- esp
-- ger
Kod języka oryginału fre
044 ## - KOD KRAJU WYDAWCY/PRODUCENTA
Kod kraju wydawcy/producenta POL
080 ## - UNIWERSALNA KLASYFIKACJA DZIESIĘTNA - UKD
UKD 81'25(038)=00
920 ## - Międzynarodowy znormalizowany numer książki – ISBN
ISBN 83-232-1336-4
008 - POLE O STAŁEJ DŁUGOŚCI - DANE KONTROLNE
podpole kontrolne o stałej długości s pl f |000 0 pol
245 10 - TYTUŁ/ODPOWIEDZIALNOŚĆ
Tytuł Terminologia tłumaczenia =
Ciąg dalszy tytułu Terminologie de la traduction /
Pozostałe elementy strefy tytułu i oznaczenia odpowiedzialności przekł. i adaptacja Teresa Tomaszkiewicz ; red. nauk. Jean Delisle, Hannelore Lee-Jahnke, Monique C. Cormier ; współpr. Jörn Albrecht ; Uniwersytet im. Adama Mickiewicza w Poznaniu.
246 31 - WARIANT TYTUŁU
Treść wyrażenia wprowadzającego Terminologie de la traduction
250 ## - STREFA WYDANIA
Oznaczenie wydania Wyd. 2
260 ## - STREFA ADRESU WYDAWNICZEGO
Miejsce wydania Poznań :
Nazwa wydawcy/dystrybutora Wydawnictwo Naukowe Uniwersytetu im. Adama Mickiewicza,
Data publikacji, dystrybucji/powstania dokumentu 2006.
300 ## - STREFA OPISU FIZYCZNEGO
Objętość 157, [1] s. ;
Rozmiary 21 cm.
504 ## - UWAGA DOTYCZĄCA BIBLIOGRAFII
Informacje o bibliografii Bibliogr. s. 139-143. Indeksy.
521 8# - UWAGA DOTYCZĄCA PRZEZNACZENIA CZYTELNICZEGO
Przeznaczenie czytelnicze Dla studentów filologii, wykładowców teorii przekładu, tłumaczy.
546 ## - UWAGA O JĘZYKU
Uwaga o języku Na s. tyt. i okł. tyt. także ang, hisz., niem.
650 #9 - HASŁO PRZEDMIOTOWE W FORMIE NAZWY OGÓLNEJ LUB JEDNOSTKOWEJ
Nazwa ogólna lub geograficzna Przekłady
Określnik ogólny terminologia
655 ## - TERMIN INDEKSOWY - OKREŚLENIE RODZAJU/FORMY DOKUMENTU
Określenie rodzaju/formy dokumentu Słowniki wielojęzyczne
700 1# - HASŁO DODATKOWE - NAZWA OSOBOWA
Nazwa osobowa Delisle, Jean.
Określenie związku między hasłem a opisywanym materiałem Red.
700 1# - HASŁO DODATKOWE - NAZWA OSOBOWA
Nazwa osobowa Lee-Jahnke, Hannelore.
Określenie związku między hasłem a opisywanym materiałem Red.
700 1# - HASŁO DODATKOWE - NAZWA OSOBOWA
Nazwa osobowa Cormier, Monique Catherine
Daty związane z nazwą (1954- ).
Określenie związku między hasłem a opisywanym materiałem Red.
700 1# - HASŁO DODATKOWE - NAZWA OSOBOWA
Nazwa osobowa Tomaszkiewicz, Teresa
Daty związane z nazwą (1956- ).
Określenie związku między hasłem a opisywanym materiałem Tł.
700 1# - HASŁO DODATKOWE - NAZWA OSOBOWA
Nazwa osobowa Albrech, Jörn.
Określenie związku między hasłem a opisywanym materiałem Współpr.
942 ## - DODATKOWE ELEMENTY (KOHA)
Typ dokumentu Książka
Egzemplarze
Wycofany Status egzemplarza Uszkodzony Dostępność Lokalizacja stała Lokalizacja bieżąca Miejsce przechowywania Sygnatura Kod kreskowy Dział Typ dokumentu Ostatnio wypożyczono
      Tylko na miejscu Biblioteka Politechniki Koszalińskiej Biblioteka Politechniki Koszalińskiej Czytelnia BG 86005 02404509 0/9(03) Encyklopedie. Leksykony Książka  
      Tylko na miejscu Biblioteka Politechniki Koszalińskiej Biblioteka Politechniki Koszalińskiej Czytelnia Wydziałowa ul. Kwiatkowskiego 6e 86006 02404493 81'25 Teoria przekładu Książka 18.04.2023
      Dostępny Biblioteka Politechniki Koszalińskiej Biblioteka Politechniki Koszalińskiej Wypożyczalnia BG 86007 02404486   Książka  
      Dostępny Biblioteka Politechniki Koszalińskiej Biblioteka Politechniki Koszalińskiej Wypożyczalnia BG 86008 02404479   Książka  
© 2023 Biblioteka Politechniki Koszalińskiej :: KOHA